000 00964nam2a2200229 4500
001 RU\NLR\BIBL_A\010358933
005 20250614042624.0
010 _a978-5-699-65486-4
021 _aRU
_b2014-21339
_91325
035 _a(NLR Aleph) 010358933
090 _a10772594
_c10772594
100 _a20140519d2014 |||y0rusy50 ca
101 0 _arus
102 _aRU
105 _ay|||z|||000ay
200 0 _aТ. 2
215 _a317, [1] с.
461 1 _1001RU\NLR\BIBL_A\010387499
_12000#$aЛичные мотивы$e[роман$eв 2 т.]$fАлександра Маринина$vТ. 2
_1700#1$aМаринина$bА.Б.$gАлександра Борисовна$f1957-$3RU\NLR\AUTH\77515
_99661129
_aМаринина, А. Б. (1957-)
_cМосква
_d2014
_fАлександра Маринина
_nЭксмо
_o[роман : в 2 т.]
_tЛичные мотивы
_vТ. 2
942 _cBOOK
980 _aNB